000 00197nam a2200097Ia 4500
008 240331s9999 xx 000 0 und d
082 _bSEL
100 _aSellathurai, A
245 0 _aVeedu
942 _cL
999 _c3723
_d3723